[Event "Teteven op 24th"]
[Site "Teteven"]
[Date "2009.08.21"]
[Round "9"]
[White "Vasilev, Veselin"]
[Black "Dzhambazov, Iskren"]
[Result "1/2-1/2"]
[WhiteElo "2010"]
[BlackElo "2110"]
[PlyCount "81"]
[EventDate "2009.08.15"]
[EventType "swiss"]
[EventRounds "9"]
[EventCountry "BUL"]
[SourceTitle "CBM 131 Extra"]
[Source "ChessBase"]
[SourceDate "2009.09.03"]
[SourceVersion "2"]
[SourceVersionDate "2009.09.16"]
[SourceQuality "1"]

1. d4 d6 2. Nf3 g6 3. Nc3 Nf6 4. e4 Bg7 5. Be3 0-0 6. Be2 a6 7. 0-0 b5 8. e5 Ng4 9. Bf4 Nc6 10. exd6 cxd6 11. h3 Nf6 12. d5 Nb8 13. Be3 Bb7 14. a3 Nbd7 15. Bd4 Nb6 16. Bxb6 Qxb6 17. Qd2 Rac8 18. Rad1 Qc5 19. Qe3 Nxd5 20. Nxd5 Bxd5 21. Qxe7 Rce8 22. Qg5 Bxf3 23. Qxc5 dxc5 24. Bxf3 Bxb2 25. Rd6 Re6 26. Rxe6 fxe6 27. Re1 Rf6 28. Bb7 e5 29. Re3 Kf8 30. Rb3 Bd4 31. Rf3 Rxf3 32. Bxf3 a5 33. Bc6 b4 34. a4 c4 35. Bd5 b3 36. cxb3 c3 37. Be4 Ke7 38. Kf1 Kd6 39. Ke2 Kc5 40. f3 Kb4 41. Bc2 1/2-1/2

[Event "Teteven op 24th"]
[Site "Teteven"]
[Date "2009.08.19"]
[Round "7"]
[White "Gochev, Mladen"]
[Black "Dzhambazov, Iskren"]
[Result "1-0"]
[WhiteElo "2238"]
[BlackElo "2110"]
[PlyCount "99"]
[EventDate "2009.08.15"]
[EventType "swiss"]
[EventRounds "9"]
[EventCountry "BUL"]
[SourceTitle "CBM 131 Extra"]
[Source "ChessBase"]
[SourceDate "2009.09.03"]
[SourceVersion "2"]
[SourceVersionDate "2009.09.16"]
[SourceQuality "1"]

1. e4 d6 2. d4 Nf6 3. Nc3 g6 4. f4 Bg7 5. Nf3 0-0 6. Bd3 Nc6 7. e5 dxe5 8. dxe5 Nd5 9. Nxd5 Qxd5 10. Qe2 Bg4 11. Be4 Qd7 12. Be3 Rad8 13. 0-0 h6 14. c3 Bf5 15. Nd2 Bxe4 16. Nxe4 Qd5 17. Qf3 b6 18. Rf2 Qd7 19. b3 f6 20. g4 fxe5 21. f5 Qd5 22. Raf1 a5 23. Rd2 Qf7 24. Qh3 Rxd2 25. Bxd2 Qd5 26. Qg2 Qd3 27. Bc1 Na7 28. fxg6 Rxf1+ 29. Qxf1 Qxf1+ 30. Kxf1 Nb5 31. Ke2 Nd6 32. Kd3 Bf8 33. h4 Kg7 34. h5 Ne8 35. g5 hxg5 36. Bxg5 c6 37. Be3 c5 38. a4 Nc7 39. Nd2 Nd5 40. Bg5 e6 41. Nc4 e4+ 42. Kxe4 Nxc3+ 43. Ke5 Ne2 44. Kxe6 Ng3 45. Bf6+ Kh6 46. Kf7 Nxh5 47. Be5 Bg7 48. Bxg7+ Nxg7 49. Nxb6 Nf5 50. Nc4 1-0

[Event "Teteven op 24th"]
[Site "Teteven"]
[Date "2009.08.18"]
[Round "5"]
[White "Bonev, Todor"]
[Black "Dzhambazov, Iskren"]
[Result "1-0"]
[WhiteElo "2260"]
[BlackElo "2110"]
[PlyCount "85"]
[EventDate "2009.08.15"]
[EventType "swiss"]
[EventRounds "9"]
[EventCountry "BUL"]
[SourceTitle "CBM 131 Extra"]
[Source "ChessBase"]
[SourceDate "2009.09.03"]
[SourceVersion "2"]
[SourceVersionDate "2009.09.16"]
[SourceQuality "1"]

1. e4 d6 2. d4 Nf6 3. Nc3 g6 4. Be3 a6 5. f3 b5 6. Qd2 Nbd7 7. Nge2 Nb6 8. b3 Bb7 9. Nc1 Nfd7 10. Be2 c5 11. d5 b4 12. Nd1 Bg7 13. Rb1 Qc7 14. 0-0 0-0 15. Bh6 Bxh6 16. Qxh6 c4 17. Ne3 cxb3 18. cxb3 Qc3 19. Nd3 Rfc8 20. Kh1 a5 21. Qg5 Qd2 22. Rb2 Qc3 23. Nf5 f6 24. Nxe7+ Kf7 25. Qe3 Kxe7 26. Rc1 Nc4 27. bxc4 Qa3 28. Qh6 Rf8 29. Rbc2 Ba6 30. Qxh7+ Rf7 31. Qxg6 a4 32. c5 b3 33. cxd6+ Qxd6 34. Rc6 Qb8 35. axb3 Bxd3 36. Bxd3 axb3 37. d6+ Kf8 38. Bc4 Ne5 39. Qh6+ Kg8 40. Bxf7+ Nxf7 41. Qg6+ Kf8 42. Rc7 Qe8 43. Qxf6 1-0